Top 15 des émissions françaises qui ont marqué l’histoire de la télé - Statistiques

Statistiques générales
  • Ce quiz a été pris 47 fois
  • Le résultat moyen est 5 sur 15
Statistiques - réponses
Année de la première diffusion Réponse % Correct
1998 Le Bigdil
58%
2001 Koh Lanta
47%
2001 Loft Story
47%
2000 Qui veut gagner des millions ?
47%
1987 La roue de la fortune
44%
2012 The Voice
44%
1990 Fort Boyard
42%
2001 Star Academy
40%
2001 Attention à la marche !
33%
2007 Secret Story
33%
1962 Intervilles
30%
2011 Danse avec les stars
23%
1990 Une famille en or
16%
2005 L'amour est dans le pré
7%
1987 Sacrée soirée
5%
Aucun quiz correspondant
Distribution des résultats
% des personnes avec chaque résultat
Percentile par nombre de réponses
Votre historique - résultats
Vous n’avez pas pris ce quiz